La novacin̤ subjetiva en el arrendamiento de vivienda protegida

Bibliographic Details
Main Author: Montoro Ferreira, Daniel
Format: eBook
Language:Spanish
Published: Madrid: Dykinson, 2018
Subjects:
Online Access:Acceso restringido

MARC

LEADER 00000nam a22000007a 4500
005 20181102224927.0
007 cr|||| |||
008 181102s2018 es |||||s|||| 00||0 spa d
020 |a 978-84-9085-729-6 
035 |a 22333 
040 |a vLex 
090 |c 8280  |d 8280 
100 1 |a Montoro Ferreira, Daniel 
245 1 2 |a La novacin̤ subjetiva en el arrendamiento de vivienda protegida  |h [Recurso electrn̤ico] /  |c Daniel Montoro Ferreira  
256 |a Servicio en ln̕ea 
260 |a Madrid:  |b Dykinson,  |c 2018 
300 |a 1 recurso electrn̤ico 
500 |a En un contexto como el actual de crisis econm̤ica en general y en particular, en el sector inmobiliario, en el m̀bito de la vivienda protegida, en rǧimen de arrendamiento y en concreto, de Madrid capital, se acomete el estudio de la denominada tradicionalmente novacin̤ subjetiva. El principio general de la relatividad de los contratos del art. 1.257 del CC tiene una de sus excepciones en la accin̤ directa del arrendador contra el subarrendatario recogida en los arts. 1.551 y 1.552 del mismo cuerpo legal, por lo que se refiere al uso y conservacin̤ de la cosa arrendada, y por lo que se refiere a la reclamacin̤ de la renta del subarrendamiento. 
506 1 |a Disponible solo en los productos indicados  |d vLex Global  |d vLex Global (Academic Edition, excluding Law Schools)  |d vLex Global (U.S. Academic Edition, Law Schools)  |d vLex Global (U.S. Academic Edition, excluding Law Schools)  |d vLex Global (Academic Edition, Law Schools) 
650 0 4 |a Obligaciones y Contratos  |z Espaą 
740 0 |a vLex Libros (Servicio en ln̕ea) 
856 4 0 |u http://vlex.com/source/novacion-subjetiva-en-el-arrendamiento-de-vivienda-protegida-22333  |z Acceso restringido 
942 |c BOOK 
999 0 |a Obligations and Contracts